| 000 | 00652nam a2200217 4500 | ||
|---|---|---|---|
| 999 |
_c9600 _d9600 |
||
| 001 | 9600 | ||
| 003 | BD-JhCC | ||
| 005 | 20180320133418.0 | ||
| 008 | 180320b1965 bg ||||| |||| 00| 0 ben d | ||
| 035 | _a(BD-JhCC)9600 | ||
| 040 |
_aBD-JhCC _dBD-JhCC |
||
| 041 | _aben | ||
| 082 |
_a923.00 _bKAM 1965 |
||
| 100 | _aক্যাম্পিয়ন, নার্দি রীডার | ||
| 245 |
_aপ্যাট্রিক হেনরী / _c নার্দি রীডার ক্যাম্পিয়ন |
||
| 260 |
_aঢাকা : _c1965. |
||
| 300 |
_a279 p. : _c18 cm. |
||
| 650 | _aBiography | ||
| 942 |
_2ddc _cBK |
||